All Spanish Premier League Players - Statistics

General Stats
  • This quiz has been taken 84 times
  • The average score is 11 of 17
Answer Stats
Club Pos Former Club Answer % Correct
Arsenal GK Brentford David Raya
96%
Arsenal MID Real Sociedad Mikel Merino
88%
Chelsea GK Brighton Robert Sanchez
88%
Man City MID Atletico Madrid Rodri
85%
Bournemouth GK Chelsea Kepa
84%
Chelsea DEF Brighton Marc Cucurella
84%
Aston Villa DEF Villarreal Pau Torres
81%
Spurs DEF Man City Pedro Porro
67%
Chelsea ATT Barcelona Marc Guiu
65%
West Ham MID PSG Carlos Soler
64%
Spurs DEF Real Madrid Sergio Reguilon
60%
Wolves ATT PSG Pablo Sarabia
56%
Nottingham DEF Aston Villa Alex Moreno
55%
Fulham ATT Wolves Adama Traore
53%
Bournemouth DEF Juventus Dean Huijsen
52%
Fulham DEF Villarreal Jorge Cuenca
27%
Southampton DEF Youth Juan Larios
16%
No matching quizzes found
Score Distribution
Percent of People with Each Score
Percentile by Number Answered
Your Score History
You have not taken this quiz